MARC

LEADER 00000nas a2200000 a 4500
001 ssj0002359
003 WaSeSS
005 20200512172242.0
006 m d
007 cr n
008 000210c19619999njumr ss 0 a0eng c
010 |a  2004213501 
022 |a 1548-2634  |l 0032-3888  |y 0032-3888 
035 |a (WaSeSS)ssj0002359 
037 |b Polymer Engineering and Science, Subscription Distribution, c/o John Wiley & Sons, Inc., 111 River St., Hoboken, NJ 07030-5774 
040 |a MUS  |b eng  |c MUS  |d OCLCQ  |d NSD  |d OCLCQ  |d OCL  |d OCLCQ  |d NSD  |d IUL  |d DLC  |d OCLCS  |d OCLCQ  |d OCLCF  |d OCLCO  |d OCLCQ  |d DEFHM  |d OCLCO  |d OCLCA  |d OCLCQ  |d AU@  |d OCLCO  |d U3W  |d VT2  |d CGU  |d OCLCO  |d OCLCQ  |d NJT  |d OCLCQ  |d WaSeSS 
042 |a nsdp  |a pcc 
050 1 4 |a TP986.A1  |b S57222 
082 1 0 |a 668.9  |2 13 
130 0 |a Polymer engineering and science (Online) 
210 0 |a Polym. eng. sci.  |b (Online) 
222 0 |a Polymer engineering and science  |b (Online) 
245 1 0 |a Polymer engineering and science  |h [electronic resource]. 
246 1 3 |a Polymer engineering & science 
260 |a Stamford, Conn. :  |b Society of Plastics Engineers :  |b Wiley,  |c ©1961- 
310 |a Monthly,  |b 1997- 
321 |a Frequency varies,  |b 1961-1996 
362 0 |a Vol. 1, issue 1 (Jan. 1961)- 
500 |a Title from table of contents (viewed Dec. 1, 2005). 
500 |a Published: Hoboken, N.J., <2005-> 
506 |a License restrictions may limit access. 
538 |a Mode of access: World Wide Web. 
588 |a Latest issue consulted: Vol. 45, issue 12 (Dec. 2005); viewed: Dec. 1, 2005. 
650 0 |a Polymer engineering  |v Periodicals. 
650 0 |a Plastics  |v Periodicals. 
650 7 |a Plastics.  |2 fast  |0 (OCoLC)fst01066542 
650 7 |a Polymer engineering.  |2 fast  |0 (OCoLC)fst01742156 
650 7 |a Polymere  |2 gnd 
650 7 |a Zeitschrift  |2 gnd 
650 7 |a Online-Ressource  |2 gnd 
650 7 |a 58.22 polymer technology.  |2 bcl 
650 7 |a 35.80 macromolecular chemistry.  |2 bcl 
655 0 |a Electronic journals. 
710 2 |a Society of Plastics Engineers. 
776 0 8 |i Print version:  |a Society of Plastics Engineers.  |t SPE transactions  |g 1961-1965  |x 0096-8129  |w (OCoLC)1589995  |w (DLC) 63004326 
776 0 8 |i Print version:  |t Polymer engineering and science  |g 1965-  |x 0032-3888  |w (OCoLC)1587960  |w (DLC) 92643087 
856 4 0 |z Full text available from Research Library: 01/01/1994 to 12/31/1994  |u https://search.proquest.com/publication/41843 
856 4 0 |z Full text available from Research Library: 07/01/1996 to 12/31/2011  |u https://search.proquest.com/publication/41843